| 000 | 00528 a2200157 4500 | ||
|---|---|---|---|
| 003 | OSt | ||
| 005 | 20250610135336.0 | ||
| 008 | 250528b |||||||| |||| 00| 0 eng d | ||
| 020 | _a9780143448990 | ||
| 040 | _coclc | ||
| 082 |
_a791.430233092 _bRAY/S |
||
| 245 |
_aSatyajit Ray Miscellany: _bOn Life, Cinema, People & Much More _cEdited by Sandip Ray |
||
| 260 |
_aNew Delhi: _bPenguin Books India Pvt. Ltd. _c2022. |
||
| 300 | _a274 pages | ||
| 942 |
_2ddc _cBK _h791.430233092 _iRAY/S _k791.430233092 _mRAY/S |
||
| 999 |
_c44564 _d44564 |
||